• Brusola, Vicente María

di Personal Name

Records bibliografici associati: 1

001 - CONTROL NUMBER

  • control field: 53748

003 - CONTROL NUMBER IDENTIFIER

  • control field: IT-RoINE

005 - DATE AND TIME OF LATEST TRANSACTION

  • control field: 20181025065306.0

008 - FIXED-LENGTH DATA ELEMENTS

  • fixed length control field: 181025|| aca||aabn | a|a d

040 ## - CATALOGING SOURCE

  • Original cataloging agency: IT-RoINE
  • Transcribing agency: IT-RoINE

100 ## - HEADING--PERSONAL NAME

  • Personal name: Brusola, Vicente María

670 ## - SOURCE DATA FOUND

  • Source citation: Work cat.: (IT-RoINE)0: Brusola, Vicente María, Biografías de los obispos contemporáneos, prelados y demas dignidades ilustres de la Iglesia española /, 1852